Elements of marine ecology.-- 4th ed. (Record no. 41667)

MARC details
000 -LEADER
fixed length control field 00712nam a2200193 a 4500
008 - FIXED-LENGTH DATA ELEMENTS--GENERAL INFORMATION
fixed length control field 120201s1998 ||||||||||||||||| || u
020 ## - INTERNATIONAL STANDARD BOOK NUMBER
International Standard Book Number 0750620889
050 ## - LIBRARY OF CONGRESS CALL NUMBER
Classification number QH 541.5.S3 Tai
100 ## - MAIN ENTRY--PERSONAL NAME
Personal name Tait, R. V. (Ronald Victor)
245 10 - TITLE STATEMENT
Title Elements of marine ecology.-- 4th ed.
Statement of responsibility, etc. R. V. Tait, F. A. Dipper
250 ## - EDITION STATEMENT
Edition statement 4th ed.
260 ## - PUBLICATION, DISTRIBUTION, ETC.
Place of publication, distribution, etc. Oxford
Name of publisher, distributor, etc. Butterworth-Heinemann
Date of publication, distribution, etc. 1998
300 ## - PHYSICAL DESCRIPTION
Extent ix, 462p.: ill.-- Bibliography
350 ## - PRICE (NR) (BK AM CF MU VM SE) [OBSOLETE]
Price 0.00
650 ## - SUBJECT ADDED ENTRY--TOPICAL TERM
Topical term or geographic name entry element ECOLOGY
650 ## - SUBJECT ADDED ENTRY--TOPICAL TERM
Topical term or geographic name entry element MARINE ECOLOGY
700 ## - ADDED ENTRY--PERSONAL NAME
Personal name Dipper, F. A. (Frances A.)
995 ## - RECOMMENDATION 995 [LOCAL, UNIMARC FRANCE]
-- 0.00
-- CBU-MAIN LIBRARY (Kitwe)
-- 1
-- 0.00
-- 1
-- AVAILABLE
-- Mar 6, 2012
-- Main Library Open Access Collection
Holdings
Withdrawn status Lost status Source of classification or shelving scheme Damaged status Not for loan Home library Current library Shelving location Date acquired Total Checkouts Full call number Barcode Date last seen Price effective from Koha item type
          CBU-MAIN LIBRARY, KITWE. CBU-MAIN LIBRARY, KITWE.   11/30/2022   QH 541.5.S3 Tai 742636 11/30/2022 11/30/2022 MONOGRAPH